[Event "HEM B-Turnier 2017"]
[Site "Marburg"]
[Date "2017.??.??"]
[Round "7.4"]
[White "Zalewski, Ulrich"]
[Black "Blaschke, Henri Johannes"]
[Result "1/2-1/2"]
[WhiteElo "1815"]
[BlackElo "1777"]
[PlyCount "94"]
[EventDate "2017.??.??"]

1. e4 e6 2. d4 d5 3. Nd2 Be7 4. Bd3 c5 5. c3 b6 6. Ne2 Bb7 7. e5 f5 8. f4 Nh6
9. Nf3 Nf7 10. h4 c4 11. Bc2 Nh6 12. Ng5 Bxg5 13. fxg5 Ng4 14. Nf4 Qe7 15. Qf3
Rf8 16. Qg3 Nc6 17. O-O Nd8 18. Bd1 Kd7 19. Bxg4 fxg4 20. Qxg4 Kc6 21. Bd2 Bc8
22. Nh5 Bd7 23. Rxf8 Qxf8 24. Rf1 Qe7 25. Qf3 Be8 26. Ng3 Bg6 27. h5 Bd3 28.
Rf2 Rc8 29. Qf8 Rc7 30. Qxe7 Rxe7 31. Ne2 Bxe2 32. Rxe2 Rf7 33. Rf2 Rxf2 34.
Kxf2 Nf7 35. Kf3 g6 36. hxg6 hxg6 37. b3 b5 38. Bc1 a5 39. Ke2 Kb6 40. Kd1 Ka6
41. Kc2 Nh8 42. Ba3 Nf7 43. Be7 Kb6 44. Kb2 Ka6 45. a4 cxb3 46. Kxb3 Kb6 47.
Ka3 Kc6 1/2-1/2

[Event "HEM B-Turnier 2017"]
[Site "Marburg"]
[Date "2017.??.??"]
[Round "7.5"]
[White "Hafensteiner, Tim"]
[Black "Martens, Nick"]
[Result "1/2-1/2"]
[WhiteElo "1822"]
[BlackElo "1690"]
[PlyCount "48"]
[EventDate "2017.??.??"]

1. e4 d5 2. exd5 Qxd5 3. Nf3 Bg4 4. Be2 e6 5. O-O Nf6 6. d4 c6 7. c4 Qd8 8. Nc3
Be7 9. Qb3 Qb6 10. Be3 Qxb3 11. axb3 a6 12. Ne5 Bxe2 13. Nxe2 Nbd7 14. f4 O-O
15. Ng3 Rfd8 16. Rad1 Nf8 17. Rd3 a5 18. Ra1 Bb4 19. Rdd1 Ng6 20. h3 h5 21. f5
exf5 22. Nxf5 Nxe5 23. dxe5 Ne4 24. Bb6 Bc5+ 1/2-1/2

[Event "HEM B-Turnier 2017"]
[Site "Marburg"]
[Date "2017.??.??"]
[Round "7.6"]
[White "Weber, Andreas"]
[Black "Pade, Joachim"]
[Result "1-0"]
[WhiteElo "1793"]
[BlackElo "1628"]
[PlyCount "69"]
[EventDate "2017.??.??"]

1. e4 e6 2. Qe2 Be7 3. d3 c5 4. Nf3 d5 5. e5 Nc6 6. g3 Bd7 7. Bg2 Qc7 8. Bf4 h6
9. h4 Qb6 10. c3 O-O-O 11. O-O f6 12. d4 g5 13. exf6 Bxf6 14. hxg5 hxg5 15.
Nxg5 Bxg5 16. Bxg5 Re8 17. dxc5 Qxc5 18. b4 Qd6 19. Qe3 b6 20. a4 Nge7 21. Na3
Nf5 22. Nb5 Qb8 23. Qf4 e5 24. Qd2 d4 25. cxd4 Nfxd4 26. Nxd4 exd4 27. Rfc1 Qe5
28. b5 Reg8 29. bxc6 Bh3 30. f4 Qd6 31. Qd3 Qc7 32. Bxh3+ Rxh3 33. Qf5+ Kb8 34.
Qxh3 d3 35. Qd7 1-0

[Event "HEM B-Turnier 2017"]
[Site "Marburg"]
[Date "2017.??.??"]
[Round "7.7"]
[White "Schneider, Udo"]
[Black "Armbrust, Matthias"]
[Result "1/2-1/2"]
[WhiteElo "1749"]
[BlackElo "1791"]
[PlyCount "25"]
[EventDate "2017.??.??"]

1. d4 g6 2. Nf3 Bg7 3. g3 d6 4. Bg2 Nc6 5. c4 e5 6. d5 Nce7 7. Nc3 f5 8. O-O
Nf6 9. Bg5 h6 10. Bxf6 Bxf6 11. e4 O-O 12. Nd2 f4 13. b4 1/2-1/2

[Event "HEM B-Turnier 2017"]
[Site "Marburg"]
[Date "2017.??.??"]
[Round "7.8"]
[White "Meyer, Marcel"]
[Black "Weber, Guenter"]
[Result "0-1"]
[WhiteElo "1679"]
[BlackElo "1777"]
[PlyCount "132"]
[EventDate "2017.??.??"]

1. d4 d5 2. c4 c6 3. Nf3 Nf6 4. Nc3 e6 5. e3 Be7 6. Bd3 h6 7. O-O Nbd7 8. Bd2
Qc7 9. h3 O-O 10. a3 e5 11. dxe5 Nxe5 12. Nxe5 Qxe5 13. cxd5 Nxd5 14. Nxd5 Qxd5
15. Bc3 Rd8 16. Bc2 Be6 17. Qxd5 Bxd5 18. Rfd1 Be6 19. Rxd8+ Rxd8 20. Rd1 Rxd1+
21. Bxd1 Bc4 22. Bg4 f6 23. Bc8 b6 24. f4 Bd5 25. Kf2 c5 26. Bg4 Kf7 27. Bf3
Ke6 28. e4 Bc4 29. Be2 Bxe2 30. Kxe2 Bd6 31. Kf3 b5 32. Kg4 g6 33. f5+ Kf7 34.
Kf3 a6 35. Ke3 h5 36. g4 hxg4 37. hxg4 Bh2 38. Kd3 Bf4 39. Ba5 Be5 40. b3 Bb2
41. a4 g5 42. axb5 axb5 43. Bb6 Ba3 44. Bc7 Ke7 45. Bg3 Bb2 46. Bf2 Kd6 47.
Bg3+ Be5 48. Bf2 Bb2 49. Bg3+ Be5 50. Be1 Bb2 51. Ba5 c4+ 52. bxc4 bxc4+ 53.
Kxc4 Ke5 54. Kd3 Kf4 55. Bc7+ Kxg4 56. e5 Kxf5 57. exf6 Bxf6 58. Ke3 Kg4 59.
Kf2 Kh3 60. Bb6 Be5 61. Kg1 g4 62. Bf2 Bh2+ 63. Kh1 Bg3 64. Bxg3 Kxg3 65. Kg1
Kf3 66. Kf1 g3 0-1

[Event "HEM B-Turnier 2017"]
[Site "Marburg"]
[Date "2017.??.??"]
[Round "7.9"]
[White "Hahnenstein, Leon"]
[Black "Schneider, Kevin"]
[Result "0-1"]
[WhiteElo "1189"]
[BlackElo "1653"]
[PlyCount "52"]
[EventDate "2017.??.??"]

1. e4 e5 2. Nf3 Nc6 3. Bc4 Bc5 4. d3 Nf6 5. c3 Bb6 6. O-O d6 7. Be3 Bg4 8. Nbd2
Qd7 9. Qc2 Na5 10. Bb3 Nxb3 11. Qxb3 Be6 12. Qc2 h6 13. d4 exd4 14. Bxd4 c5 15.
Be3 Ng4 16. Bf4 g5 17. Bg3 f6 18. h3 Ne5 19. Rfe1 h5 20. b3 h4 21. Bh2 g4 22.
hxg4 Nxg4 23. Rad1 Nxh2 24. Nxh2 O-O-O 25. Ndf3 Rdg8 26. e5 Qg7 0-1

[Event "HEM B-Turnier 2017"]
[Site "Marburg"]
[Date "2017.??.??"]
[Round "7.11"]
[White "Mauersberger, Uwe"]
[Black "Poschadel, Andreas Gregor"]
[Result "1-0"]
[WhiteElo "1762"]
[BlackElo "1451"]
[PlyCount "119"]
[EventDate "2017.??.??"]

1. e4 e5 2. Nf3 Nc6 3. d4 exd4 4. Bc4 Be7 5. Nxd4 Nf6 6. Nc3 O-O 7. O-O a6 8.
a3 Nxd4 9. Qxd4 d6 10. Bg5 h6 11. Bh4 Nh7 12. Bg3 Nf6 13. Rad1 Nh5 14. Nd5 Nxg3
15. Nxe7+ Qxe7 16. fxg3 Be6 17. Bd3 Qg5 18. Rf4 Qe5 19. c3 Bb3 20. Rdf1 Be6 21.
Kh1 b5 22. b4 Bd7 23. Bc2 Be6 24. R1f2 Rfd8 25. a4 Qxd4 26. cxd4 d5 27. e5 Rab8
28. a5 c6 29. Bd1 Rbc8 30. Bh5 Rf8 31. Bd1 Rfd8 32. h4 g6 33. Rf6 Kg7 34. Kh2
Rf8 35. R2f4 Rcd8 36. Bc2 Rde8 37. Kg1 Re7 38. Bxg6 Ree8 39. Bf5 Bxf5 40. R4xf5
Rc8 41. Kf2 Kg8 42. Rxh6 Kg7 43. Rff6 Rc7 44. Rxc6 Rxc6 45. Rxc6 Ra8 46. Ke3
Kf8 47. h5 Kg7 48. Kf4 Kh7 49. Kf5 Kg7 50. g4 Ra7 51. g5 Kh7 52. Kf6 Kg8 53. h6
Kh7 54. Rd6 Kg8 55. g6 fxg6 56. Kxg6 Ra8 57. e6 Kf8 58. Rd7 Kg8 59. e7 Rf8 60.
exf8=Q+ 1-0

[Event "HEM B-Turnier 2017"]
[Site "Marburg"]
[Date "2017.??.??"]
[Round "7.12"]
[White "Bastian, Ben"]
[Black "Alonzo, Desi"]
[Result "1-0"]
[WhiteElo "1674"]
[BlackElo "1704"]
[PlyCount "65"]
[EventDate "2017.??.??"]

1. d4 d5 2. c4 c6 3. Nc3 e6 4. e3 Be7 5. Nf3 Nf6 6. Bd3 Nbd7 7. O-O O-O 8. b3
c5 9. cxd5 exd5 10. Ba3 Qa5 11. Bb2 a6 12. a3 b5 13. dxc5 b4 14. axb4 Qxb4 15.
Na4 Rb8 16. Nd4 Bxc5 17. Ba3 Qa5 18. Nxc5 Nxc5 19. b4 Qc7 20. bxc5 Ng4 21. g3
Ne5 22. Nf5 Nxd3 23. Qxd3 Qe5 24. Nd6 Bh3 25. Rfd1 Be6 26. Rac1 Bg4 27. Qxd5
Qxd5 28. Rxd5 Bf3 29. Rd3 Bc6 30. Nf5 Be4 31. Ne7+ Kh8 32. Rdc3 Rfe8 33. c6 1-0

[Event "HEM B-Turnier 2017"]
[Site "Marburg"]
[Date "2017.??.??"]
[Round "7.13"]
[White "Wagner, Thomas"]
[Black "Huebner, Kai"]
[Result "1-0"]
[WhiteElo "1891"]
[BlackElo "1658"]
[PlyCount "121"]
[EventDate "2017.??.??"]

1. e4 d5 2. exd5 Nf6 3. d4 Nxd5 4. Nf3 Nc6 5. c4 Nb6 6. Be2 g6 7. Nc3 Bg7 8.
Be3 O-O 9. O-O e6 10. a3 Ne7 11. Qc2 Nd7 12. Bf4 a6 13. Rfd1 Nf6 14. Ne5 Nd7
15. Rac1 Nxe5 16. dxe5 Qe8 17. Ne4 f5 18. exf6 Bxf6 19. Bxc7 Nc6 20. Nxf6+ Rxf6
21. Bf3 Bd7 22. Qd2 Rf7 23. b4 Rc8 24. Bg3 e5 25. b5 axb5 26. cxb5 Nd4 27. Bd5
Be6 28. Bxe5 Rxc1 29. Rxc1 Nb3 30. Bxb3 Bxb3 31. Qb4 Qxe5 32. Qxb3 Kg7 33. Qc3
Kf6 34. Qxe5+ Kxe5 35. f3 Kd4 36. Kf2 Re7 37. a4 b6 38. Rc6 Rb7 39. h4 Ke5 40.
Ke3 Kf5 41. g4+ Ke5 42. f4+ Kd5 43. h5 gxh5 44. gxh5 Re7+ 45. Kf3 Ra7 46. Rxb6
Rxa4 47. Kg4 Ra7 48. Rb8 Rg7+ 49. Kf5 Rf7+ 50. Kg5 Ke6 51. f5+ Rxf5+ 52. Kh6
Kd6 53. Rb7 Re5 54. Rxh7 Rxb5 55. Ra7 Ke6 56. Kg6 Rb8 57. h6 Rg8+ 58. Rg7 Rc8
59. h7 Rc1 60. h8=Q Rg1+ 61. Kh7 1-0

[Event "HEM B-Turnier 2017"]
[Site "Marburg"]
[Date "2017.??.??"]
[Round "7.14"]
[White "Raghavan, Badrinarayanan"]
[Black "Tornay, Aritz"]
[Result "1-0"]
[WhiteElo "1320"]
[BlackElo "1206"]
[PlyCount "53"]
[EventDate "2017.??.??"]

1. d4 Nf6 2. Bf4 g6 3. Nf3 Bg7 4. e3 d6 5. Bd3 O-O 6. Nbd2 Nbd7 7. h4 Re8 8. h5
e5 9. hxg6 fxg6 10. dxe5 dxe5 11. Bc4+ Kh8 12. Ng5 Rf8 13. Ne6 Qe7 14. Bg5 Re8
15. Nxc7 Nb6 16. Nxe8 Qxe8 17. Qf3 Qf8 18. Bb3 Rb8 19. Qg3 Nfd5 20. O-O-O Be6
21. Nc4 Nxc4 22. Bxc4 Qc5 23. Bb3 b5 24. Bh6 Bf6 25. Qxg6 Rd8 26. Bg7+ Kg8 27.
Rxh7 1-0